=LDR 00000nam 2200000 4500 =001 000225 =005 20250710114358 =035 ##$$a 0010-0725000039 =245 1#$$a Buku berharga lodi /$c Iwok abqary =100 #$$a Iwok abqary =250 ##$$a Cetakan pertama =300 ##$$a 28 hlm. : $b Ilus. ; $c 29,7x21 cm =856 ##$$a TBM As suhada =260 ##$$a Rawamangun :$b Kementerian pendidikan, kebudayaan, riset, dan teknologi,$c 2024 =082 ##$$a 398.209 598 =084 ##$$a 398.209 598 IWO b =020 ##$$a 978-623-118795-6 =650 #4$$a Cerita anak-indonesia =650 #4$$a Kesusastraan anak